Responses for Show #3477 - Tuesday, October 19, 1999

Contestants

[<< previous game]

Paul Sharman, an e-business consultant from Boca Raton, Florida

Meaghan Scollins, a human resources manager from Glen Cove, New York

Keith Lorasch, a music educator from Eau Claire, Wisconsin (whose 1-day cash winnings total $8,201)

[next game >>]

Jeopardy! Round responses

17th CENTURY AMERICA
"ALLEY" WAYS
ROCK'S ROOTS
VOLCANOES
3-LETTER WORDS
ODDS & ENDS
    $100 16
Mayflower

Keith
    $100 21
(P: What is a stray cat?)

Alley cat

KeithPaul
    $100 27
Bill Haley

Meaghan
    $100 11
Incas

Keith
    $100 1
Gig

Meaghan
    $100 6
(Alex: I want to say that clue over again!)

Tweety

Paul
    $200 17
Tobacco

Paul
    $200 22
"Alley Oop"

Keith
    $200 28
Chuck Berry

Paul
    $200 12
Mount Saint Helens

Keith
    $200 2
Cub

Meaghan
    $200 7
Twister

Paul
    $300 18
(M: What is a press?)

Mint

MeaghanPaul
    $300 23
Bowling alley

Meaghan
    $300 26
Little Richard

Meaghan
    $300 13
Iceland

Keith
    $300 3
Cup

Meaghan
    $300 8
Greenwich Village

Keith
    $400 19
Jamestown

Meaghan
    $400 24
Kirstie Alley

Meaghan
    $400 29
Chubby Checker

Keith
    $400 14
Mount Kilimanjaro

Keith
    $400 4
Cow

Meaghan
    $400 9
J.R.R. Tolkien

Keith
    $500 20
Lord Baltimore

Keith
    $500 25
(Keith: What is a wrong alley?)
(Paul: What is a back alley?)
(Alex: Paul, the judges have accepted your response. We were going for [*]. ...less than a minute to go...)
...
(Alex: [Before Double Jeopardy!] Our judges have relented, so Keith, your response is acceptable and you get $1,000 back.)

a blind alley

KeithPaul
    $500 30
Sam Cooke

Triple Stumper
    $500 15
(P: What is Montserrat?)

Martinique

Paul
Triple Stumper
    $500 5
Had

Triple Stumper
    $500 10
Algeria

Paul

Scores at the first commercial break (after clue 15):

Keith Meaghan Paul
$1,700 $1,000 $300

Scores at the end of the Jeopardy! Round:

Keith Meaghan Paul
$3,500 $2,200 $1,400

Double Jeopardy! Round responses

WORLD LITERATURE
THE TITLE ESCAPES ME
PRESIDENTIAL BIRTHPLACES
LET'S PUT ON A PLAY
SPAM THE WONDER MEAT
"EAU" YEAH!
    $200 9
Bovary

Keith
    $200 1
The Planet of the Apes

Keith
    $200 17
Abraham Lincoln

Keith
    $200 2
Props

Triple Stumper
    $200 21
Hormel

Keith
    $200 4
Trousseau

Keith
    $400 10
The Hunchback of Notre Dame (Quasimodo)

Keith
    $400 13
Escape From Alcatraz

Paul
    $400 22
Ronald Reagan

Paul
    $400 3
Pancake

Keith
    $400 25
Spice & ham

Triple Stumper
    $400 5
Beau Geste

Keith
    $600 11
Beowulf

Paul
    $600 14
The Great Escape

Paul
    $600 23
(P: Who is Jimmy Carter?)
(M: Who is Eisenhower?)
(minute to go...)

Gerald Ford

MeaghanPaul
Triple Stumper
    $600 18
the proscenium

Keith
    $600 26
David Letterman

Keith
    $600 6
Art nouveau

Keith
    $800 12
(P: Who is Robert Burns?)

Sir Walter Scott

Paul
Triple Stumper
    $800 15
(K: What is the center of the Earth?)

Witch Mountain

KeithMeaghan
    $600 24
Dwight D. Eisenhower

Paul
    $800 19
Equity

Keith
    $800 27
Nikita Khrushchev

Meaghan
    $800 7
Plateau

Paul
    $1000 16
Kurt Russell

Paul
    $1000 28
(buzzer sounds)

Martin Van Buren

Keith
    $1,700 20
(K: What is "Four Baboons Adoring the Sun?")

Six Degrees of Separation

Keith
    $1000 8
(Alex: You beat Keith to it; he won't be able to go home!)
(Keith: That's where I spent the 4th of July!)

Eau Claire

Paul

Scores at the end of the Double Jeopardy! Round:

Keith Meaghan Paul
$6,800 $3,200 $5,400

[wagering suggestions for these scores]

Final Jeopardy! Round responses

HISTORIC FIRSTS
(Alex: It was the dawn of the automobile age & he was going 8 MPH in a 2 MPH zone.)
(Keith: I'm glad he was!)
MeaghanWhat is jaywalking?
$3,200
PaulWhat is jaywalking?
$1,400
KeithWhat is speeding?
$4,001
Speeding

Final scores:

Keith Meaghan Paul
$10,801 $0 $4,000
2-day champion: $19,002 3rd place: 1-800 Gift Certificate 2nd place: Trip to Couples Resorts, Jamaica

Game dynamics:

Coryat scores:

Keith Meaghan Paul
$8,500 $3,200 $5,600
25 R
(including 1 DD),
2 W
(including 1 DD)
11 R,
2 W
15 R
(including 1 DD),
4 W

Combined Coryat: $17,300

[game clues] [game scores] [suggest correction]

Game tape date: 1999-08-03
The J! Archive is created by fans, for fans. Scraping, republication, monetization, and malicious use prohibited; this site may use cookies and collect identifying information. See terms. The Jeopardy! game show and all elements thereof, including but not limited to copyright and trademark thereto, are the property of Jeopardy Productions, Inc. and are protected under law. This website is not affiliated with, sponsored by, or operated by Jeopardy Productions, Inc. Join the discussion at JBoard.tv.